[Event "Petrolina Cordioli Memorial op"]
[Site "Petrolina"]
[Date "2007.10.20"]
[Round "4"]
[White "De Macedo, Gilson Rosa"]
[Black "Da Silva, Valdinei"]
[Result "1-0"]
[WhiteElo "1918"]
[BlackElo "1834"]
[PlyCount "43"]
[EventDate "2007.10.09"]
[EventType "swiss"]
[EventRounds "7"]
[EventCountry "BRA"]
[SourceTitle "EXT 2022"]
[Source "ChessBase"]
[SourceDate "2021.10.06"]
[SourceVersion "1"]
[SourceVersionDate "2021.10.06"]
[SourceQuality "1"]

1. e4 e5 2. Nf3 d6 3. d4 Nf6 4. Nc3 exd4 5. Nxd4 Be7 6. Be2 0-0 7. 0-0 a6 8. Be3 Bd7 9. f3 Re8 10. a3 c5 11. Nb3 Nc6 12. g4 h5 13. g5 Nh7 14. f4 g6 15. Qd2 Kg7 16. h4 Bh3 17. Rf3 Qd7 18. f5 Bg4 19. f6+ Bxf6 20. gxf6+ Nxf6 21. Bh6+ Kh7 22. Rxf6 1-0

[Event "Petrolina Cordioli Memorial op"]
[Site "Petrolina"]
[Date "2007.10.19"]
[Round "2"]
[White "Monte, Edmar Ferreira"]
[Black "De Macedo, Gilson Rosa"]
[Result "0-1"]
[WhiteElo "1798"]
[BlackElo "1918"]
[PlyCount "71"]
[EventDate "2007.10.09"]
[EventType "swiss"]
[EventRounds "7"]
[EventCountry "BRA"]
[SourceTitle "EXT 2022"]
[Source "ChessBase"]
[SourceDate "2021.10.06"]
[SourceVersion "1"]
[SourceVersionDate "2021.10.06"]
[SourceQuality "1"]

1. c4 g6 2. Nc3 Bg7 3. d4 d6 4. e4 Nf6 5. f4 0-0 6. Nf3 h6 7. Be2 Kh7 8. Be3 e6 9. Qd2 Nc6 10. h3 Nh5 11. Bf2 Nf6 12. Bh4 Ne7 13. g4 Nd7 14. g5 h5 15. 0-0-0 a6 16. Qc2 Nb8 17. Bf2 Nbc6 18. a3 Na7 19. Nh4 Rh8 20. e5 Nf5 21. Ne4 Nxh4 22. Bxh4 Kg8 23. Nf6+ Kf8 24. Bf3 Rb8 25. Be1 b5 26. c5 Bxf6 27. gxf6 d5 28. Rg1 Qd7 29. Bd2 Ke8 30. Kb1 Kd8 31. Rc1 Nc6 32. Be3 b4 33. axb4 Rxb4 34. Rg3 Rc4 35. Qg2 Rxc1+ 36. Kxc1 0-1